<?xml version="1.0" encoding="UTF-8"?>
<record
    xmlns:xsi="http://www.w3.org/2001/XMLSchema-instance"
    xsi:schemaLocation="http://www.loc.gov/MARC21/slim http://www.loc.gov/standards/marcxml/schema/MARC21slim.xsd"
    xmlns="http://www.loc.gov/MARC21/slim">

  <leader>00695nam a22001337a 4500</leader>
  <datafield tag="040" ind1=" " ind2=" ">
    <subfield code="c">RUA</subfield>
  </datafield>
  <datafield tag="082" ind1=" " ind2=" ">
    <subfield code="a">AVM PUM 2018 B654 Or.1</subfield>
  </datafield>
  <datafield tag="100" ind1=" " ind2=" ">
    <subfield code="a">PUM LEAKHENA &#x1796;&#x17BB;&#x17C6; &#x179B;&#x1780;&#x17D2;&#x1781;&#x17B7;&#x178E;&#x17B6;</subfield>
  </datafield>
  <datafield tag="245" ind1=" " ind2=" ">
    <subfield code="a">detestion and molecular characterization of coronavirus in cave bats from kampot province &#x1780;&#x17B6;&#x179A;&#x179F;&#x17D2;&#x179C;&#x17C2;&#x1784;&#x179A;&#x1780;&#x200B;&#x1793;&#x17B7;&#x1784;&#x1780;&#x17C6;&#x178E;&#x178F;&#x17CB;&#x17A2;&#x178F;&#x17D2;&#x178F;&#x179F;&#x1789;&#x17D2;&#x1789;&#x178E;&#x1798;&#x17C9;&#x17BC;&#x179B;&#x17C1;&#x1782;&#x17BB;&#x179B;&#x1793;&#x17C3;&#x179C;&#x17B8;&#x179A;&#x17BB;&#x179F;&#x1780;&#x17BC;&#x179A;&#x17BC;&#x178E;&#x17B6; &#x179B;&#x17BE;&#x179F;&#x178F;&#x17D2;&#x179C;&#x1794;&#x17D2;&#x179A;&#x1785;&#x17C0;&#x179C;&#x200B;&#x1793;&#x17C5; &#x1781;&#x17C1;&#x178F;&#x17D2;&#x178F;&#x1780;&#x17C6;&#x1796;&#x178F;</subfield>
  </datafield>
  <datafield tag="260" ind1=" " ind2=" ">
    <subfield code="a">RUA</subfield>
    <subfield code="b">Phnom penh</subfield>
    <subfield code="c">2018</subfield>
  </datafield>
  <datafield tag="300" ind1=" " ind2=" ">
    <subfield code="a">x;43p</subfield>
    <subfield code="b">ill;</subfield>
    <subfield code="c">29cm</subfield>
  </datafield>
  <datafield tag="856" ind1=" " ind2=" ">
    <subfield code="u"> https://drive.google.com/file/d/1_Z5y7u3B4--lBjUXmJZXE6E3qTyDDA0C/view?usp=sharing</subfield>
  </datafield>
  <datafield tag="942" ind1=" " ind2=" ">
    <subfield code="c">AVM</subfield>
  </datafield>
  <datafield tag="999" ind1=" " ind2=" ">
    <subfield code="c">18660</subfield>
    <subfield code="d">18660</subfield>
  </datafield>
  <datafield tag="952" ind1=" " ind2=" ">
    <subfield code="0">0</subfield>
    <subfield code="1">0</subfield>
    <subfield code="2">ddc</subfield>
    <subfield code="4">0</subfield>
    <subfield code="6">AVM_PUM_2018_000000000000000_B654_OR_1</subfield>
    <subfield code="7">0</subfield>
    <subfield code="9">83059</subfield>
    <subfield code="a">LBB</subfield>
    <subfield code="b">LBB</subfield>
    <subfield code="c">B654</subfield>
    <subfield code="d">2019-12-31</subfield>
    <subfield code="o">AVM PUM 2018 B654 Or.1</subfield>
    <subfield code="p">A063868</subfield>
    <subfield code="r">2019-12-31</subfield>
    <subfield code="w">2019-12-31</subfield>
    <subfield code="y">AVM</subfield>
  </datafield>
  <datafield tag="952" ind1=" " ind2=" ">
    <subfield code="0">0</subfield>
    <subfield code="1">0</subfield>
    <subfield code="2">ddc</subfield>
    <subfield code="4">0</subfield>
    <subfield code="6">AVM_PUM_2018_000000000000000_B654_OR_2</subfield>
    <subfield code="7">0</subfield>
    <subfield code="9">83060</subfield>
    <subfield code="a">LBB</subfield>
    <subfield code="b">LBB</subfield>
    <subfield code="c">B654</subfield>
    <subfield code="d">2019-12-31</subfield>
    <subfield code="o">AVM PUM 2018 B654 Or.2</subfield>
    <subfield code="p">A063856</subfield>
    <subfield code="r">2019-12-31</subfield>
    <subfield code="w">2019-12-31</subfield>
    <subfield code="y">AVM</subfield>
  </datafield>
  <datafield tag="952" ind1=" " ind2=" ">
    <subfield code="0">0</subfield>
    <subfield code="1">0</subfield>
    <subfield code="2">ddc</subfield>
    <subfield code="4">0</subfield>
    <subfield code="6">AVM_PUM_2018_000000000000000_B654_OR_3</subfield>
    <subfield code="7">0</subfield>
    <subfield code="9">83061</subfield>
    <subfield code="a">LBB</subfield>
    <subfield code="b">LBB</subfield>
    <subfield code="c">B654</subfield>
    <subfield code="d">2019-12-31</subfield>
    <subfield code="o">AVM PUM 2018 B654 Or.3</subfield>
    <subfield code="p">A063900</subfield>
    <subfield code="r">2019-12-31</subfield>
    <subfield code="w">2019-12-31</subfield>
    <subfield code="y">AVM</subfield>
  </datafield>
  <datafield tag="952" ind1=" " ind2=" ">
    <subfield code="0">0</subfield>
    <subfield code="1">0</subfield>
    <subfield code="2">ddc</subfield>
    <subfield code="4">0</subfield>
    <subfield code="6">AVM_PUM_2018_000000000000000_B654_OR_4</subfield>
    <subfield code="7">0</subfield>
    <subfield code="9">83062</subfield>
    <subfield code="a">LBB</subfield>
    <subfield code="b">LBB</subfield>
    <subfield code="c">B654</subfield>
    <subfield code="d">2019-12-31</subfield>
    <subfield code="o">AVM PUM 2018 B654 Or.4</subfield>
    <subfield code="p">A063914</subfield>
    <subfield code="r">2019-12-31</subfield>
    <subfield code="w">2019-12-31</subfield>
    <subfield code="y">AVM</subfield>
  </datafield>
  <datafield tag="952" ind1=" " ind2=" ">
    <subfield code="0">0</subfield>
    <subfield code="1">0</subfield>
    <subfield code="2">ddc</subfield>
    <subfield code="4">0</subfield>
    <subfield code="6">AVM_PUM_2018_000000000000000_B654_OR_5</subfield>
    <subfield code="7">0</subfield>
    <subfield code="9">83063</subfield>
    <subfield code="a">LBB</subfield>
    <subfield code="b">LBB</subfield>
    <subfield code="c">B654</subfield>
    <subfield code="d">2019-12-31</subfield>
    <subfield code="o">AVM PUM 2018 B654 Or.5</subfield>
    <subfield code="p">A063574</subfield>
    <subfield code="r">2019-12-31</subfield>
    <subfield code="w">2019-12-31</subfield>
    <subfield code="y">AVM</subfield>
  </datafield>
  <datafield tag="952" ind1=" " ind2=" ">
    <subfield code="0">0</subfield>
    <subfield code="1">0</subfield>
    <subfield code="2">ddc</subfield>
    <subfield code="4">0</subfield>
    <subfield code="6">AVM_PUM_2018_000000000000000_B654_OR_6</subfield>
    <subfield code="7">0</subfield>
    <subfield code="9">83064</subfield>
    <subfield code="a">LBB</subfield>
    <subfield code="b">LBB</subfield>
    <subfield code="c">B654</subfield>
    <subfield code="d">2019-12-31</subfield>
    <subfield code="o">AVM PUM 2018 B654 Or.6</subfield>
    <subfield code="p">A063584</subfield>
    <subfield code="r">2019-12-31</subfield>
    <subfield code="w">2019-12-31</subfield>
    <subfield code="y">AVM</subfield>
  </datafield>
</record>
